000
00247nam a22000977a 4500
999
_c
11790
_d
11790
008
200217b ||||| |||| 00| 0 eng d
020
_a
0790102811
100
_a
Parker John
_9
7473
245
_a
Look Out for Your Tail
260
_a
New Zealand
_b
Shortland